000 00650cam a2200217 4500500
005 20260405001505.0
041 _afre
042 _adc
100 1 0 _aNathan, Tobie
_eauthor
245 0 0 _aL’analogie : Coeur de la pensée
260 _c2013.
500 _a45
690 _aAnalogie
690 _aDouglas Hofstadter
690 _aEmmanuel Sander
690 _aExercices de pensée
690 _aLogique
690 _aMichel Eltchaninoff
786 0 _nPhilosophie magazine | 69 | 5 | 2013-05-01 | p. 54-54 | 1951-1787
856 4 1 _uhttps://shs.cairn.info/magazine-philosophie-magazine-2013-5-page-54?lang=fr&redirect-ssocas=7080
999 _c2048221
_d2048221